000 00864nam a2200205 a 4500
001 000016767
005 20200929164945.0
008 100310t1989 dr ach 001 0 spa d
040 _aDO-SdBNP
_bspa
_cBNPHU
082 _a384.54065
_bR696a
100 1 _aRodríguez M., Luis Ramón,
_d1923-
_937154
245 1 0 _aApuntes para la historia de la radio emisora H.I.T. :
_b1931-1969 /
_cLuis Ramón Rodríguez.
260 _aSanto Domingo :
_bFundación Barceló :
_bCirculo de Locutores Dominicanos,
_c1989.
300 _a46 p. :
_bil., facsíms., retrs. ;
_c21 cm.
590 _aInventariado, 2018/VM
650 4 _aRadioemisoras
_xHistoria
_zRepública Dominicana
_934343
650 4 _aMedios de comunicación de masas
_xHistoria
_xRepública dominicana
_921016
710 0 2 _aRadioemisora H.I.T. (República Dominicana)
_937155
910 _aValidado. Control de calidad EMS.
999 _c16299
_d16299